Statistics for NBA Players of the Week - 2009/10 to 2018/19 season

Click here to take the quiz!

General Stats

  • This quiz has been taken 126 times
    (45 since last reset)
  • The average score is 68 of 106

Answer Stats

# Player Teams % Correct
41LeBron JamesCLE, MIA
100%
14Stephen CurryGS
100%
26Kevin DurantOKC, GS
100%
--Kobe BryantLAL
100%
22James HardenHOU
100%
19Russell WestbrookOKC
97%
10Carmelo AnthonyDEN, NY
97%
11Dwight HowardORL
95%
--LaMarcus AldridgePOR, SA
95%
9Dwyane WadeMIA
95%
--Giannis AntetokounmpoMIL
95%
--Kyrie IrvingCLE
95%
--Paul GeorgeIND, OKC
95%
7Dirk NowitzkiDAL
95%
--John WallWAS
95%
--Kawhi LeonardSA
95%
--Chris PaulNO, LAC, HOU
92%
8DeMar DeRozanTOR
92%
--Klay ThompsonGS
92%
--Tony ParkerSA
92%
--Pau GasolLAL
89%
--Marc GasolMEM
89%
--Chris BoshTOR, MIA
89%
4Tim DuncanSA
89%
--DeMarcus CousinsSAC, NO
89%
--Kemba WalkerCHA
89%
6Blake GriffinLAC
89%
--Paul PierceBOS
89%
--Damian LillardPOR
89%
--Kevin GarnettBOS
84%
--Nikola JokicDEN
84%
5Derrick RoseCHI
84%
--Michael Carter-WilliamsPHI
82%
--Deron WilliamsUTA, BKN
82%
--Draymond GreenGS
82%
--Joel EmbiidPHI
82%
--Bradley BealWAS
82%
--Lou WilliamsTOR, LAC
82%
--Jimmy ButlerCHI
82%
--Mo WilliamsMIN, CHA
82%
--Kyle LowryHOU, TOR
82%
--Anthony DavisNO
79%
--Andre DrummondDET
79%
--Isaiah ThomasBOS
76%
Mike ConleyMEM
76%
--Manu GinobiliSA
74%
--Kevin LoveMIN, CLE
74%
--Paul MillsapATL, DEN
71%
--Al HorfordATL
71%
--Ben SimmonsPHI
71%
--Karl-Anthony TownsMIN
68%
2Joe JohnsonATL, BKN
68%
--Victor OladipoIND
68%
--Khris MiddletonMIL
68%
C.J. McCollumPOR
68%
--Nikola VucevicORL
68%
--Zach RandolphMEM
66%
--Rajon RondoBOS
66%
--Amar'e StoudemirePHO, NY
63%
--J.R. SmithNY
61%
--Gordon HaywardUTA
61%
--Josh SmithATL
61%
--Stephen JacksonCHA
61%
Rudy GobertUTA
61%
--Reggie JacksonDET
61%
--Brook LopezBKN
61%
Donovan MitchellUTA
58%
--Monta EllisGS, MIL, DAL
58%
--Tobias HarrisDET, LAC
55%
--Al JeffersonUTA, CHA
55%
--Jeff TeagueATL
55%
--Goran DragicHOU, PHO
53%
--Hassan WhitesideMIA
53%
--Thaddeus YoungPHI
50%
Trae YoungATL
50%
D'Angelo RussellBKN
50%
--Kristaps PorzingisNY
47%
--Carlos BoozerUTA, CHI
45%
--Nicolas BatumCHA
45%
--David LeeGS
45%
--Andrew BogutMIL
45%
--Andrew BynumLAL
45%
--Chauncey BillupsDEN
45%
1Gerald WallaceCHA
42%
--Jeremy LinNY
42%
3Brandon JenningsMIL, DET
42%
--George HillUTA
39%
Pascal SiakamTOR
39%
Bojan BogdanovicIND
34%
--Marcin GortatWAS
34%
--Jordan CrawfordBOS
32%
--Ty LawsonDEN
29%
--Brandon RoyPOR
26%
--Markieff MorrisPHO
26%
--Chris KamanLAC
24%
--Nate RobinsonCHI
21%
--J.J. BareaDAL
18%
--Kevin MartinHOU
16%
--Nikola PekovicMIN
13%
--Ersan IlyasovaMIL
11%
--Dion WaitersMIA
11%
--Kenneth FariedDEN
8%
--Rodney StuckeyDET
5%
--Jared SullingerBOS
3%
--Drew GoodenMIL
3%
--Greivis VasquezNO
3%

Score Distribution

Percentile by Number Answered

Percent of People with Each Score

Your Score History

You have not taken this quiz since the last reset